[Event "Hessen Senioren-ch 2012  8th"]
[Site "Bad Sooden-Adf. (14.4.-22.4)"]
[Date "2012.04.17"]
[Round "4.5"]
[White "Bakhmatov, Eduard"]
[Black "Thieme, Hans(08.33)"]
[Result "1/2-1/2"]
[WhiteElo "2198"]
[BlackElo "1959"]
[PlyCount "94"]
[EventDate "2012.04.??"]
[EventType "swiss"]
[EventRounds "9"]
[EventCountry "GER"]
[WhiteTeam "Hattingen SV"]
[BlackTeam "Oberursel SV"]

1. e4 c5 2. Nf3 e6 3. d4 cxd4 4. Nxd4 a6 5. Bd3 Bc5 6. Nb3 Ba7 7. Qe2 Nc6 8.
Be3 d6 9. Nc3 Nge7 10. O-O b5 11. Rad1 b4 12. Nb1 Bxe3 13. Qxe3 e5 14. Bc4 Bb7
15. Rd3 Qc7 16. Qg5 Ng6 17. Rfd1 Nce7 18. N1d2 O-O 19. Nc1 Kh8 20. Rh3 Nf4 21.
Rg3 Neg6 22. Qg4 Bxe4 23. Nxe4 Qxc4 24. Nxd6 Qxc2 25. Rb3 f5 26. Nxf5 Qxf5 27.
Qxf5 Rxf5 28. Rxb4 Raf8 29. Rb6 R5f6 30. Rdd6 Rxd6 31. Rxd6 Rf6 32. Rd8+ Nf8
33. Re8 N4g6 34. Kf1 Kg8 35. Nd3 Re6 36. Ra8 Rc6 37. Nb4 Rc1+ 38. Ke2 Rb1 39.
b3 Rb2+ 40. Ke3 Kf7 41. Rxa6 Nd7 42. Nd3 Rb1 43. g3 Ke7 44. h4 Ngf8 45. b4 Ne6
46. Ra7 Kd6 47. Ra6+ Ke7 1/2-1/2

[Event "Hessen Senioren-ch 2012  8th"]
[Site "Bad Sooden-Adf. (14.4.-22.4)"]
[Date "2012.04.17"]
[Round "4.6"]
[White "Niebuhr, Gerd"]
[Black "Liebert, Heinz"]
[Result "1/2-1/2"]
[WhiteElo "1954"]
[BlackElo "2155"]
[PlyCount "33"]
[EventDate "2012.04.??"]
[EventType "swiss"]
[EventRounds "9"]
[EventCountry "GER"]
[WhiteTeam "Wedemark Freibauer"]
[BlackTeam "Halle Volksbank USV"]

1. d4 Nf6 2. c4 e6 3. Nf3 b6 4. a3 Bb7 5. Nc3 Ne4 6. Nxe4 Bxe4 7. Nd2 Bb7 8. e4
d6 9. Bd3 e5 10. d5 Be7 11. O-O O-O 12. b4 a5 13. Rb1 Nd7 14. Nf3 axb4 15. axb4
Bf6 16. Be3 c6 17. Qb3 1/2-1/2

[Event "Hessen Senioren-ch 2012  8th"]
[Site "Bad Sooden-Adf. (14.4.-22.4)"]
[Date "2012.04.17"]
[Round "4.7"]
[White "Haselhorst, Helmut"]
[Black "Lindner, Jan Joost"]
[Result "1/2-1/2"]
[WhiteElo "1984"]
[BlackElo "2105"]
[PlyCount "78"]
[EventDate "2012.04.??"]
[EventType "swiss"]
[EventRounds "9"]
[EventCountry "GER"]
[WhiteTeam "Ost/Westbevern SK"]
[BlackTeam "NED (Niederlande)"]
[BlackTeamCountry "NED"]

1. d4 e6 2. Nf3 f5 3. g3 Nf6 4. Bg2 Be7 5. O-O O-O 6. c4 d6 7. Nc3 Qe8 8. Re1
Ne4 9. Qc2 Qg6 10. Be3 Nxc3 11. Qxc3 Bf6 12. c5 Nc6 13. cxd6 cxd6 14. Qa3 e5
15. d5 f4 16. Bc1 fxg3 17. hxg3 e4 18. dxc6 exf3 19. Bxf3 Bd4 20. Be3 Be5 21.
Kg2 bxc6 22. Bxc6 Rb8 23. Rad1 Qg4 24. Rh1 Rxb2 25. Qd3 Bf5 26. Bd5+ Kh8 27.
Qc4 Qxc4 28. Bxc4 Be4+ 29. Kg1 Bxh1 30. Kxh1 Rc2 31. Bb3 Rxe2 32. Bxa7 Ra8 33.
Bb6 Rb8 34. Be3 Bxg3 35. Bc4 Rc2 36. Bb3 Rxb3 37. axb3 Bxf2 38. Rf1 h6 39. Bxf2
Rb2 1/2-1/2

[Event "Hessen Senioren-ch 2012  8th"]
[Site "Bad Sooden-Adf. (14.4.-22.4)"]
[Date "2012.04.17"]
[Round "4.8"]
[White "Knaak, Joachim"]
[Black "Oud, Niek"]
[Result "1-0"]
[WhiteElo "2099"]
[BlackElo "2162"]
[PlyCount "61"]
[EventDate "2012.04.??"]
[EventType "swiss"]
[EventRounds "9"]
[EventCountry "GER"]
[WhiteTeam "Dresden-Leuben SV"]
[BlackTeam "NED/Amstelveen"]
[BlackTeamCountry "NED"]

1. d4 d5 2. c4 e6 3. Nf3 Nf6 4. Nc3 Nbd7 5. Bg5 Be7 6. e3 O-O 7. Rc1 c6 8. Bd3
Re8 9. O-O dxc4 10. Bxc4 Nd5 11. Bxe7 Qxe7 12. Qb3 N5b6 13. Bd3 e5 14. a4 exd4
15. exd4 Nf6 16. a5 Be6 17. Qc2 Nbd5 18. Nxd5 Bxd5 19. a6 b6 20. Ne5 c5 21. Bb5
Rec8 22. Rfe1 Qd8 23. Qa4 cxd4 24. Rcd1 Rc5 25. Rxd4 Qc7 26. Nd3 Rc2 27. Nb4
Rc1 28. Rxc1 Qxc1+ 29. Rd1 Qg5 30. Nxd5 Nxd5 31. Bc6 1-0

[Event "Hessen Senioren-ch 2012  8th"]
[Site "Bad Sooden-Adf. (14.4.-22.4)"]
[Date "2012.04.17"]
[Round "4.9"]
[White "Kopp, Peter Dr(46)"]
[Black "Lang, Ferdinand(49)"]
[Result "1/2-1/2"]
[WhiteElo "1955"]
[BlackElo "2051"]
[PlyCount "115"]
[EventDate "2012.04.??"]
[EventType "swiss"]
[EventRounds "9"]
[EventCountry "GER"]
[WhiteTeam "Hofheim 1920 SV"]
[BlackTeam "Bad Wimpfen SC"]

1. e4 e5 2. Nf3 Nc6 3. Bc4 Bc5 4. c3 d6 5. d3 h6 6. O-O Nf6 7. b4 Bb6 8. a4 a5
9. b5 Ne7 10. Qb3 O-O 11. Be3 Bxe3 12. fxe3 c6 13. bxc6 bxc6 14. Nbd2 Qc7 15.
Rab1 d5 16. exd5 cxd5 17. Bb5 e4 18. dxe4 dxe4 19. Nd4 Ng4 20. g3 Nxe3 21. Rfe1
N3f5 22. Nxe4 Qa7 23. Qc4 Rd8 24. Qc5 Nxd4 25. cxd4 Rxd4 26. Qxa7 Rxa7 27. Rbd1
Rxd1 28. Rxd1 Rc7 29. Kf2 Bb7 30. Rd8+ Kh7 31. Nd6 Bd5 32. Rd7 Rxd7 33. Bxd7
Kg6 34. Ke3 Nc6 35. Bf5+ Kf6 36. Bd3 g6 37. Bb5 Ke5 38. Nb7 f5 39. Bxc6 Bxc6
40. Nxa5 Bxa4 41. Nc4+ Ke6 42. h4 Bb5 43. Nd2 Bc6 44. Kf4 Kf6 45. Nc4 Bd5 46.
Nd6 g5+ 47. hxg5+ hxg5+ 48. Ke3 Ke5 49. Nb5 Bb7 50. Nc3 Bc6 51. Nd1 f4+ 52.
gxf4+ gxf4+ 53. Kf2 Bb7 54. Ke2 Kd4 55. Nf2 f3+ 56. Kd2 Bc8 57. Nd3 Be6 58. Ne1
1/2-1/2

[Event "Hessen Senioren-ch 2012  8th"]
[Site "Bad Sooden-Adf. (14.4.-22.4)"]
[Date "2012.04.17"]
[Round "4.10"]
[White "Raedeker, Bernd"]
[Black "Rychlik, Kurt"]
[Result "1/2-1/2"]
[WhiteElo "2059"]
[BlackElo "1942"]
[PlyCount "60"]
[EventDate "2012.04.??"]
[EventType "swiss"]
[EventRounds "9"]
[EventCountry "GER"]
[WhiteTeam "Stuttgarter SF"]
[BlackTeam "Berenbostel SV"]

1. d4 Nf6 2. Nf3 d5 3. c4 e6 4. Nc3 c6 5. e3 Nbd7 6. Bd3 Bd6 7. e4 dxe4 8. Nxe4
Nxe4 9. Bxe4 Nf6 10. Bc2 Bb4+ 11. Bd2 Qa5 12. O-O Bxd2 13. Qxd2 Qxd2 14. Nxd2
Ke7 15. Rad1 Rd8 16. Nf3 h6 17. Rfe1 Kf8 18. a4 b6 19. Ne5 Bb7 20. b4 Rac8 21.
c5 Nd5 22. Rb1 b5 23. axb5 cxb5 24. Be4 Rc7 25. Ra1 a6 26. Bxd5 Rxd5 27. Rad1
g5 28. Kf1 Kg7 29. h3 Rc8 30. Rd3 f6 1/2-1/2

[Event "Hessen Senioren-ch 2012  8th"]
[Site "Bad Sooden-Adf. (14.4.-22.4)"]
[Date "2012.04.17"]
[Round "4.11"]
[White "Nietsch, Horst"]
[Black "Szenetra, Werner"]
[Result "0-1"]
[WhiteElo "1831"]
[BlackElo "2088"]
[PlyCount "53"]
[EventDate "2012.04.??"]
[EventType "swiss"]
[EventRounds "9"]
[EventCountry "GER"]
[WhiteTeam "Berlin Weißensee 49 SG"]
[BlackTeam "Rastatt SC"]

1. e4 d6 2. d4 g6 3. Nf3 Bg7 4. Nc3 a6 5. Bd3 Nd7 6. O-O b5 7. Bg5 Bb7 8. Re1
h6 9. Be3 Ngf6 10. a3 Ng4 11. Bf4 e5 12. dxe5 Ngxe5 13. Nxe5 Nxe5 14. Bf1 O-O
15. f3 f5 16. exf5 Rxf5 17. Bg3 d5 18. f4 Nc4 19. Bxc4 bxc4 20. Qg4 Qd6 21.
Rad1 h5 22. Qe2 d4 23. Qxc4+ Kh7 24. Ne4 Bxe4 25. Rxe4 Rb8 26. b4 Rb6 27. Qe2
0-1

[Event "Hessen Senioren-ch 2012  8th"]
[Site "Bad Sooden-Adf. (14.4.-22.4)"]
[Date "2012.04.17"]
[Round "4.12"]
[White "Franck, Rudolf"]
[Black "Lueders, Guenther Dr"]
[Result "1-0"]
[WhiteElo "2064"]
[BlackElo "1712"]
[PlyCount "62"]
[EventDate "2012.04.??"]
[EventType "swiss"]
[EventRounds "9"]
[EventCountry "GER"]
[WhiteTeam "Ellwangen SC"]
[BlackTeam "Benshausen TSV"]

1. d4 d5 2. e3 Nf6 3. c4 e6 4. Nc3 Be7 5. f4 O-O 6. Nf3 c5 7. Ne5 cxd4 8. exd4
dxc4 9. Bxc4 a6 10. Be3 Qc7 11. Bb3 Nc6 12. Rc1 Rd8 13. O-O Bc5 14. Na4 Ba7 15.
Nc5 Nd5 16. Bxd5 Rxd5 17. Nxa6 Qb6 18. Nc5 Qxb2 19. Rf2 Qb6 20. Na4 Qc7 21.
Rfc2 Bxd4 22. Bxd4 Rxa4 23. Rxc6 Raxd4 24. Rxc7 Rxd1+ 25. Rxd1 Rxd1+ 26. Kf2
Rd8 27. Nxf7 Rf8 28. Nd6 Rxf4+ 29. Ke3 Rf8 30. Rxc8 Rxc8 31. Nxc8 Kf8 1-0

[Event "Hessen Senioren-ch 2012  8th"]
[Site "Bad Sooden-Adf. (14.4.-22.4)"]
[Date "2012.04.17"]
[Round "4.13"]
[White "Krebs, Dietmar(44)"]
[Black "Geisler, Reinhard"]
[Result "1/2-1/2"]
[WhiteElo "1950"]
[BlackElo "1709"]
[PlyCount "50"]
[EventDate "2012.04.??"]
[EventType "swiss"]
[EventRounds "9"]
[EventCountry "GER"]
[WhiteTeam "Kölner Dr. Lasker SK"]
[BlackTeam "Werther 1949 SK"]

1. e4 c5 2. Nf3 g6 3. d4 Bg7 4. c3 cxd4 5. cxd4 d5 6. e5 Bg4 7. Be2 Nc6 8. Nc3
e6 9. O-O a6 10. Be3 Nh6 11. Qd2 Nf5 12. h3 Bxf3 13. Bxf3 O-O 14. g4 Nxe3 15.
fxe3 f6 16. exf6 Bxf6 17. Na4 Qd6 18. Bg2 Bg7 19. Nc5 Qe7 20. Rac1 Kh8 21. a3
Rxf1+ 22. Rxf1 e5 23. Nb3 exd4 24. exd4 Qd6 25. Kh1 Re8 1/2-1/2

[Event "Hessen Senioren-ch 2012  8th"]
[Site "Bad Sooden-Adf. (14.4.-22.4)"]
[Date "2012.04.17"]
[Round "4.14"]
[White "Piankov, Evgenij"]
[Black "Scholz, Werner(41)"]
[Result "1-0"]
[WhiteElo "2271"]
[BlackElo "1552"]
[PlyCount "47"]
[EventDate "2012.04.??"]
[EventType "swiss"]
[EventRounds "9"]
[EventCountry "GER"]
[WhiteTeam "UKR (Ukraine)"]
[BlackTeam "Eberswalde 1949 ESV"]
[WhiteTeamCountry "UKR"]

1. d4 Nf6 2. Nf3 d5 3. c4 e6 4. Nc3 Bb4 5. Bg5 Nbd7 6. e3 h6 7. Bxf6 Nxf6 8.
Qa4+ Bd7 9. Qxb4 a5 10. Qa3 Qe7 11. Qxe7+ Kxe7 12. Ne5 Bc8 13. Bd3 dxc4 14.
Bxc4 Rd8 15. O-O c6 16. Rfd1 Kf8 17. e4 Nh5 18. d5 Nf4 19. dxc6 Rxd1+ 20. Rxd1
bxc6 21. Rd8+ Ke7 22. Nxc6+ Kf6 23. Nxa5 Rxa5 24. Rxc8 1-0

[Event "Hessen Senioren-ch 2012  8th"]
[Site "Bad Sooden-Adf. (14.4.-22.4)"]
[Date "2012.04.17"]
[Round "4.15"]
[White "Schumacher, Gottfried"]
[Black "Schmidt, Manfred Dr(37)"]
[Result "0-1"]
[WhiteElo "2080"]
[BlackElo "1850"]
[PlyCount "113"]
[EventDate "2012.04.??"]
[EventType "swiss"]
[EventRounds "9"]
[EventCountry "GER"]
[WhiteTeam "Bad Neuenahr SC"]
[BlackTeam "Springe SV"]

1. d4 d5 2. c4 c6 3. Nc3 Nf6 4. Nf3 dxc4 5. a4 Bf5 6. a5 e6 7. Bg5 Bb4 8. Qa4
Qe7 9. Nd2 h6 10. Bxf6 gxf6 11. g3 O-O 12. Nxc4 Na6 13. Bg2 Nc7 14. O-O Rfd8
15. Rfd1 Bg6 16. Na2 Bd6 17. Qb3 Rdb8 18. e4 Qf8 19. Nxd6 Qxd6 20. Qe3 Kg7 21.
Nc3 a6 22. Bf3 Re8 23. h4 Rad8 24. Kg2 Rd7 25. h5 Bh7 26. Na4 Nb5 27. e5 Qe7
28. Nc5 Rc7 29. b4 Rd8 30. Rd2 f5 31. Be2 Rd5 32. Bc4 Rd8 33. Rh1 Rcc8 34. Rh4
Rb8 35. Kh3 Nc7 36. f4 Nd5 37. Qb3 Kh8 38. Kg2 Rg8 39. Kf2 Rg7 40. Rh1 Rbg8 41.
Rd3 Rg4 42. Rf3 R4g7 43. Bxd5 exd5 44. Re3 Re8 45. Rc1 Bg8 46. Qd3 Bh7 47. Nxa6
bxa6 48. Rxc6 Qxb4 49. Rxh6 Rc8 50. Rxa6 Qb2+ 51. Re2 Qa1 52. h6 Rgg8 53. Re3
Qh1 54. Qd2 Rc1 55. Qxc1 Qxc1 56. e6 fxe6 57. Raxe6 0-1

[Event "Hessen Senioren-ch 2012  8th"]
[Site "Bad Sooden-Adf. (14.4.-22.4)"]
[Date "2012.04.17"]
[Round "4.16"]
[White "Busic, Nedjeljko"]
[Black "Van Geffen, Ben"]
[Result "1-0"]
[WhiteElo "1883"]
[BlackElo "1907"]
[PlyCount "61"]
[EventDate "2012.04.??"]
[EventType "swiss"]
[EventRounds "9"]
[EventCountry "GER"]
[WhiteTeam "Bad Nauheim SC"]
[BlackTeam "NED/Messemaker"]
[BlackTeamCountry "NED"]

1. e4 c5 2. Nf3 Nc6 3. Nc3 g6 4. d4 cxd4 5. Nxd4 Bg7 6. Be3 Nf6 7. Be2 O-O 8.
O-O d5 9. exd5 Nxd5 10. Nxd5 Qxd5 11. Bf3 Qc4 12. b3 Qc3 13. Nxc6 bxc6 14. Rb1
Bf5 15. Rc1 a5 16. g4 Be6 17. Qe2 Bd5 18. Rfd1 Rfd8 19. Rd3 Bxf3 20. Qxf3 Rxd3
21. cxd3 Qxd3 22. Qxc6 Rf8 23. Qc4 Qd7 24. h3 h5 25. Qc6 Qd3 26. gxh5 gxh5 27.
Qc5 Qe2 28. Qg5 e5 29. Kh2 Kh8 30. Rg1 Rg8 31. Rg4 1-0

[Event "Hessen Senioren-ch 2012  8th"]
[Site "Bad Sooden-Adf. (14.4.-22.4)"]
[Date "2012.04.17"]
[Round "4.17"]
[White "Kalix, Wolfgang"]
[Black "Pape, Manfred(43)"]
[Result "1/2-1/2"]
[WhiteElo "1891"]
[BlackElo "2098"]
[PlyCount "63"]
[EventDate "2012.04.??"]
[EventType "swiss"]
[EventRounds "9"]
[EventCountry "GER"]
[WhiteTeam "Konstanz SVG"]
[BlackTeam "Bad Harzburg SK"]

1. e4 c6 2. Nc3 g6 3. Nf3 Bg7 4. Be2 d6 5. O-O Nd7 6. a4 Ngf6 7. d4 Qc7 8. Bf4
e5 9. dxe5 dxe5 10. Be3 O-O 11. Bc4 Ng4 12. Bd2 Nc5 13. a5 h6 14. Qe2 Ne6 15.
h3 Nf6 16. Bxe6 Bxe6 17. Na4 b5 18. axb6 axb6 19. b3 Nh5 20. Qe3 Rfb8 21. Nb2
Nf4 22. Nd3 Nxd3 23. Qxd3 Rxa1 24. Rxa1 f5 25. Bc3 Rd8 26. Qe2 fxe4 27. Nd2 Bd5
28. Nxe4 c5 29. Nd2 Kh7 30. Nc4 Re8 31. Re1 Bxc4 32. Qxc4 1/2-1/2

[Event "Hessen Senioren-ch 2012  8th"]
[Site "Bad Sooden-Adf. (14.4.-22.4)"]
[Date "2012.04.17"]
[Round "4.18"]
[White "Hoellger, Herbert"]
[Black "Papenbrock, Volker"]
[Result "1/2-1/2"]
[WhiteElo "1841"]
[BlackElo "2030"]
[PlyCount "68"]
[EventDate "2012.04.??"]
[EventType "swiss"]
[EventRounds "9"]
[EventCountry "GER"]
[WhiteTeam "Bad Hersfeld SK"]
[BlackTeam "Hamburg Eimsbuettel SK"]

1. d4 f5 2. Qd3 g6 3. g4 d5 4. g5 Nc6 5. Nf3 Qd6 6. Nc3 a6 7. Bg2 Bd7 8. Ne5 e6
9. a3 Bg7 10. f4 Nge7 11. Bd2 Na7 12. h4 Nb5 13. Nxd7 Qxd7 14. Nxb5 axb5 15. h5
Qc6 16. h6 Bf8 17. e3 Nc8 18. Kf2 Nb6 19. Bb4 Nc4 20. Bxf8 Rxf8 21. Qc3 Kd7 22.
Bf1 Ra6 23. Bd3 Rfa8 24. Rab1 Ra4 25. Rhc1 Qb6 26. Qe1 Nd6 27. c3 c5 28. Qe2
Rc8 29. Re1 Qc6 30. Kg1 b6 31. Rbc1 Ra7 32. Kh2 Nc4 33. Kg3 Nd6 34. Kh2 Nc4
1/2-1/2

[Event "Hessen Senioren-ch 2012  8th"]
[Site "Bad Sooden-Adf. (14.4.-22.4)"]
[Date "2012.04.17"]
[Round "4.19"]
[White "Zunker, Reinhard Dr"]
[Black "Voermans, Adri"]
[Result "1-0"]
[WhiteElo "2030"]
[BlackElo "1906"]
[PlyCount "51"]
[EventDate "2012.04.??"]
[EventType "swiss"]
[EventRounds "9"]
[EventCountry "GER"]
[WhiteTeam "Hofheim 1920 SV"]
[BlackTeam "NED/Den Haag DD"]
[BlackTeamCountry "NED"]

1. e4 c5 2. Nf3 e6 3. Nc3 d6 4. b3 g6 5. Bb2 Bg7 6. Qe2 Ne7 7. O-O-O Nbc6 8.
Kb1 O-O 9. Na4 Nd4 10. Qe3 b5 11. Nc3 Qb6 12. Ne2 Nec6 13. c3 Nxf3 14. gxf3 a5
15. Nc1 d5 16. h4 d4 17. Qf4 e5 18. Qg3 b4 19. h5 Ne7 20. hxg6 Qxg6 21. Qh4 Bf6
22. Qh2 Bg7 23. Bc4 h6 24. Rdg1 Qh7 25. Qxh6 Qxh6 26. Rxh6 1-0

[Event "Hessen Senioren-ch 2012  8th"]
[Site "Bad Sooden-Adf. (14.4.-22.4)"]
[Date "2012.04.17"]
[Round "4.20"]
[White "Klein, Klaus(36)"]
[Black "Niebling, Ferdinand"]
[Result "0-1"]
[WhiteElo "1823"]
[BlackElo "1998"]
[PlyCount "88"]
[EventDate "2012.04.??"]
[EventType "swiss"]
[EventRounds "9"]
[EventCountry "GER"]
[WhiteTeam "Heidelberg SF"]
[BlackTeam "Frankfurt-West SC"]

1. e4 e6 2. d4 d5 3. Nc3 Nf6 4. Bg5 dxe4 5. Nxe4 Be7 6. Bxf6 gxf6 7. c3 b6 8.
Qf3 c6 9. Qg3 f5 10. Qg7 Rf8 11. Ng3 Bf6 12. Qh6 Nd7 13. Nf3 Bb7 14. Nh5 Qe7
15. O-O-O O-O-O 16. Bc4 Rg8 17. Nxf6 Nxf6 18. Rhg1 Ng4 19. Qd2 c5 20. h3 Nf6
21. Qe2 Ne4 22. Ba6 cxd4 23. Bxb7+ Kxb7 24. Nxd4 Qc5 25. Kb1 Nf6 26. Qf3+ Qd5
27. Qxd5+ Rxd5 28. Kc2 Ne4 29. f3 Ng3 30. Rd2 f4 31. Ne2 Nxe2 32. Rxe2 Rdg5 33.
Rd2 Kc6 34. Kd1 Rg3 35. Rf2 Rxh3 36. Ke1 Rh2 37. Rd2 h5 38. Kf1 h4 39. Rf2 b5
40. Re2 h3 41. Rf2 hxg2+ 42. Rfxg2 Rhxg2 43. Rxg2 Rxg2 44. Kxg2 Kd5 0-1

[Event "Hessen Senioren-ch 2012  8th"]
[Site "Bad Sooden-Adf. (14.4.-22.4)"]
[Date "2012.04.17"]
[Round "4.21"]
[White "Johannsen, Ingbert"]
[Black "Schneider, Alexander(52)"]
[Result "0-1"]
[WhiteElo "1800"]
[BlackElo "1981"]
[PlyCount "66"]
[EventDate "2012.04.??"]
[EventType "swiss"]
[EventRounds "9"]
[EventCountry "GER"]
[WhiteTeam "Witten SG"]
[BlackTeam "Wilhelmshavener SF"]

1. e4 c6 2. d3 d5 3. Qe2 dxe4 4. dxe4 e5 5. Nc3 Qb6 6. Nf3 f6 7. g3 Be6 8. Bg2
Nd7 9. O-O O-O-O 10. Na4 Qc7 11. b3 g5 12. Be3 Kb8 13. c4 h5 14. h4 gxh4 15.
Nxh4 Ne7 16. f4 exf4 17. Bxf4 Ne5 18. Bf3 Bh6 19. Nc5 Bc8 20. Bxh5 Bxf4 21.
Rxf4 Qb6 22. b4 Qxb4 23. Nb3 Rdg8 24. Kg2 Qc3 25. Bf3 Nd3 26. Qe3 Nxf4+ 27.
Qxf4+ Qe5 28. Qxe5+ fxe5 29. Kf2 Ng6 30. Nf5 Rh2+ 31. Ke3 Rf8 32. g4 Nf4 33.
Nd2 Rd8 0-1

[Event "Hessen Senioren-ch 2012  8th"]
[Site "Bad Sooden-Adf. (14.4.-22.4)"]
[Date "2012.04.17"]
[Round "4.22"]
[White "Ripoll, Luis"]
[Black "Arp, Frans"]
[Result "1-0"]
[WhiteElo "1813"]
[BlackElo "1833"]
[PlyCount "56"]
[EventDate "2012.04.??"]
[EventType "swiss"]
[EventRounds "9"]
[EventCountry "GER"]
[WhiteTeam "Lister Turm SK"]
[BlackTeam "NED/Haarlem"]
[BlackTeamCountry "NED"]

1. e4 e5 2. Nf3 Nc6 3. Bb5 a6 4. Ba4 Nf6 5. O-O Be7 6. Re1 b5 7. Bb3 O-O 8. c3
d5 9. d3 Bg4 10. h3 Bh5 11. Nbd2 d4 12. Nf1 b4 13. Ba4 Qd6 14. c4 Nd7 15. Ng3
Bg6 16. Nf5 Bxf5 17. exf5 f6 18. Bxc6 Qxc6 19. Nxd4 exd4 20. Rxe7 Rae8 21. Rxe8
Rxe8 22. Bf4 Ne5 23. Bxe5 Rxe5 24. g4 a5 25. b3 h6 26. Kh2 Qd6 27. Kg2 Kh7 28.
Qf3 c5 1-0

[Event "Hessen Senioren-ch 2012  8th"]
[Site "Bad Sooden-Adf. (14.4.-22.4)"]
[Date "2012.04.17"]
[Round "4.23"]
[White "Wulf, Adalbert"]
[Black "Gousseinov, Aguif"]
[Result "0-1"]
[WhiteElo "1751"]
[BlackElo "1935"]
[PlyCount "62"]
[EventDate "2012.04.??"]
[EventType "swiss"]
[EventRounds "9"]
[EventCountry "GER"]
[WhiteTeam "Ennigerloh-Oelde SV"]
[BlackTeam "FRA/Paris"]
[BlackTeamCountry "FRA"]

1. Nf3 Nf6 2. c4 e6 3. d4 d5 4. g3 Bb4+ 5. Bd2 Qe7 6. a3 Bxd2+ 7. Nbxd2 Nbd7 8.
Bg2 c6 9. Qc2 O-O 10. O-O Rd8 11. e4 dxe4 12. Nxe4 Nxe4 13. Qxe4 Nf6 14. Qc2
Bd7 15. Ne5 Be8 16. Rad1 Nd7 17. Nf3 Nf6 18. Rfe1 Rac8 19. c5 Nd7 20. h4 Nf6
21. Ne5 b5 22. b4 Nd5 23. Bh3 a5 24. bxa5 Ra8 25. f4 Rxa5 26. Rd3 Rda8 27. f5
Rxa3 28. fxe6 f6 29. Rxa3 Rxa3 30. Ng4 Rxg3+ 31. Kh2 Qc7 0-1

[Event "Hessen Senioren-ch 2012  8th"]
[Site "Bad Sooden-Adf. (14.4.-22.4)"]
[Date "2012.04.17"]
[Round "4.24"]
[White "Kahn, Peter"]
[Black "Smits, Oswald"]
[Result "1/2-1/2"]
[WhiteElo "1952"]
[BlackElo "1726"]
[PlyCount "42"]
[EventDate "2012.04.??"]
[EventType "swiss"]
[EventRounds "9"]
[EventCountry "GER"]
[WhiteTeam "Siebenlehner SV"]
[BlackTeam "Königstein/Schwalbach Sfr."]

1. e4 c5 2. c3 d5 3. exd5 Qxd5 4. d4 Nc6 5. Nf3 Bg4 6. Be2 cxd4 7. cxd4 e6 8.
Nc3 Qa5 9. O-O Bb4 10. Bd2 Nge7 11. a3 Bd6 12. Nb5 Qd8 13. Nxd6+ Qxd6 14. Bc3
O-O 15. h3 Bh5 16. Qb3 Rab8 17. Rad1 Nd5 18. Rfe1 Nf4 19. Qc2 Nxe2+ 20. Qxe2
Bxf3 21. Qxf3 Qd5 1/2-1/2

[Event "Hessen Senioren-ch 2012  8th"]
[Site "Bad Sooden-Adf. (14.4.-22.4)"]
[Date "2012.04.17"]
[Round "4.25"]
[White "Wieprecht, Gerhard"]
[Black "Petzold, Hans ProfDr"]
[Result "0-1"]
[WhiteElo "1717"]
[BlackElo "1996"]
[PlyCount "72"]
[EventDate "2012.04.??"]
[EventType "swiss"]
[EventRounds "9"]
[EventCountry "GER"]
[WhiteTeam "Kassel CAISSA SV"]
[BlackTeam "Dresden TU USV"]

1. e4 e6 2. d4 d5 3. Nc3 Bb4 4. e5 c5 5. a3 Bxc3+ 6. bxc3 Qc7 7. Nf3 Bd7 8. a4
Qa5 9. Bd2 c4 10. Be2 Bxa4 11. O-O b5 12. Qc1 Qc7 13. Re1 Nc6 14. Ng5 h6 15.
Nh3 O-O-O 16. Rxa4 bxa4 17. Qa3 Nge7 18. Qxa4 Qa5 19. Ra1 Qxa4 20. Rxa4 Kd7 21.
Nf4 g6 22. Bf3 Rb8 23. g3 Rb2 24. Kg2 Rxc2 25. Be1 Rb8 26. Ra1 Rcb2 27. h4 Rb1
28. Rxb1 Rxb1 29. Bd2 Na5 30. Ne2 Nb3 31. Bxh6 a5 32. h5 a4 33. Bg5 gxh5 34.
Bxh5 Ng6 35. Nf4 Nxf4+ 36. Bxf4 a3 0-1

[Event "Hessen Senioren-ch 2012  8th"]
[Site "Bad Sooden-Adf. (14.4.-22.4)"]
[Date "2012.04.17"]
[Round "4.26"]
[White "Biller, Helmut Dr"]
[Black "Schneider, Miloca"]
[Result "1/2-1/2"]
[WhiteElo "1975"]
[BlackElo "1706"]
[PlyCount "46"]
[EventDate "2012.04.??"]
[EventType "swiss"]
[EventRounds "9"]
[EventCountry "GER"]
[WhiteTeam "Frankfurt 1921 Sfr."]
[BlackTeam "Witten SG"]

1. d4 d5 2. Nf3 Nd7 3. Bf4 Ngf6 4. e3 e6 5. Bd3 Be7 6. Ne5 c6 7. Nd2 c5 8. c3
Qb6 9. Rb1 Bd6 10. O-O Qc7 11. Nxd7 Bxd7 12. Bxd6 Qxd6 13. f4 O-O 14. g4 g6 15.
g5 Nh5 16. Nf3 c4 17. Be2 f6 18. gxf6 Nxf6 19. Ne5 b5 20. a3 a5 21. Qe1 Rfe8
22. Bf3 Bc8 23. Qg3 Re7 1/2-1/2

[Event "Hessen Senioren-ch 2012  8th"]
[Site "Bad Sooden-Adf. (14.4.-22.4)"]
[Date "2012.04.17"]
[Round "4.27"]
[White "Rehder, Frank"]
[Black "Limberg, Siegfried"]
[Result "0-1"]
[WhiteElo "1705"]
[BlackElo "1980"]
[PlyCount "62"]
[EventDate "2012.04.??"]
[EventType "swiss"]
[EventRounds "9"]
[EventCountry "GER"]
[WhiteTeam "Berlin Zugzwang 95 SC"]
[BlackTeam "Königstein/Schwalbach Sfr."]

1. d4 d5 2. Nf3 Nf6 3. b3 Bg4 4. e3 e6 5. Be2 Nbd7 6. Bb2 Bd6 7. O-O O-O 8.
Nbd2 c6 9. c4 Qb8 10. h3 Bh5 11. Nh4 Bxe2 12. Qxe2 g6 13. f4 Nh5 14. Qf2 f5 15.
Ndf3 Ndf6 16. Ng5 Qe8 17. Rfd1 h6 18. Ngf3 Ne4 19. Qc2 g5 20. g4 gxh4 21. gxh5
Qxh5 22. Ne5 Bxe5 23. dxe5 Kh7 24. Kh2 Rg8 25. Rg1 Rg3 26. Rxg3 hxg3+ 27. Kg2
Rg8 28. cxd5 cxd5 29. Qd1 Qh4 30. Rc1 Nf2 31. Rc7+ Kh8 0-1

[Event "Hessen Senioren-ch 2012  8th"]
[Site "Bad Sooden-Adf. (14.4.-22.4)"]
[Date "2012.04.17"]
[Round "4.28"]
[White "Hoffmann, Erich(36)"]
[Black "Heinzel, Peter"]
[Result "1/2-1/2"]
[WhiteElo "1736"]
[BlackElo "1907"]
[PlyCount "82"]
[EventDate "2012.04.??"]
[EventType "swiss"]
[EventRounds "9"]
[EventCountry "GER"]
[WhiteTeam "Bergeborbeck DJK"]
[BlackTeam "Mülheim 08/25 SV"]

1. e4 b6 2. f4 Bb7 3. Nc3 e6 4. d4 Nf6 5. e5 Nd5 6. Nxd5 Bxd5 7. Nf3 g6 8. Bd3
Bb7 9. O-O Bg7 10. Be3 O-O 11. Ng5 d5 12. Rf3 Qe8 13. Rh3 h6 14. Qg4 f5 15.
exf6 Rxf6 16. Nf3 Nc6 17. Ne5 Ne7 18. Rg3 Nf5 19. Bxf5 exf5 20. Qf3 Rd8 21. h4
h5 22. c3 Rdd6 23. Kh2 Kh7 24. Rg5 Bh6 25. Rg3 Qe7 26. Kg1 Rde6 27. Rh3 Rf8 28.
g3 Bg7 29. Re1 Re8 30. Rh2 c5 31. Rhe2 Bf6 32. Rh2 Rc8 33. Qe2 a6 34. Qf2 c4
35. Nf3 Re8 36. Ne5 b5 37. Qd2 Qc7 38. Rhe2 Kg7 39. Nf3 Re4 40. Ng5 Bxg5 41.
hxg5 R8e6 1/2-1/2